| 000 | 00639nam a2200181Ia 4500 | ||
|---|---|---|---|
| 008 | 090630s9999 xx 000 0 und d | ||
| 082 | _b15977 | ||
| 100 | _aवाळिंबे शरच्चंद्र. | ||
| 245 |
_aप्रतिघात. _cवाळिंबे शरच्चंद्र. |
||
| 260 | _bशांती - पुणे. | ||
| 300 | _a192 | ||
| 600 | _aवाळिंबे शरच्चंद्र. | ||
| 630 | _aप्रतिघात. | ||
| 655 | _aकादंबरी. | ||
| 700 | _aवाळिंबे शरच्चंद्र. | ||
| 730 | _aप्रतिघात. | ||
| 942 | _cBOOK | ||
| 999 |
_c267833 _d267833 |
||